<?xml version="1.0" encoding="UTF-8"?>
<record
    xmlns:xsi="http://www.w3.org/2001/XMLSchema-instance"
    xsi:schemaLocation="http://www.loc.gov/MARC21/slim http://www.loc.gov/standards/marcxml/schema/MARC21slim.xsd"
    xmlns="http://www.loc.gov/MARC21/slim">

  <leader>01693nam a22002297a 4500</leader>
  <controlfield tag="005">20250220115825.0</controlfield>
  <datafield tag="010" ind1=" " ind2=" ">
    <subfield code="a">HIN-129451</subfield>
  </datafield>
  <datafield tag="020" ind1=" " ind2=" ">
    <subfield code="c">645.00</subfield>
    <subfield code="a">9789364444194</subfield>
  </datafield>
  <datafield tag="035" ind1=" " ind2=" ">
    <subfield code="a">HN-101797</subfield>
  </datafield>
  <datafield tag="037" ind1=" " ind2=" ">
    <subfield code="b">DBAD/PUB</subfield>
  </datafield>
  <datafield tag="082" ind1=" " ind2=" ">
    <subfield code="a">000</subfield>
  </datafield>
  <datafield tag="100" ind1=" " ind2=" ">
    <subfield code="a">&#x930;&#x92E;&#x947;&#x936; &#x926;&#x947;&#x935;&#x93E;&#x902;&#x917;&#x928;</subfield>
    <subfield code="9">78257</subfield>
  </datafield>
  <datafield tag="245" ind1=" " ind2=" ">
    <subfield code="a">&#x938;&#x92E;&#x917;&#x94D;&#x930; &#x905;&#x927;&#x94D;&#x92F;&#x92F;&#x928; </subfield>
    <subfield code="c">&#x930;&#x92E;&#x947;&#x936; &#x926;&#x947;&#x935;&#x93E;&#x902;&#x917;&#x928;</subfield>
    <subfield code="b">&#x91B;&#x924;&#x94D;&#x924;&#x940;&#x938;&#x917;&#x922;&#x93C;</subfield>
    <subfield code="h">&#x939;&#x93F;&#x928;&#x94D;&#x926;&#x940;</subfield>
  </datafield>
  <datafield tag="250" ind1=" " ind2=" ">
    <subfield code="a">1</subfield>
  </datafield>
  <datafield tag="260" ind1=" " ind2=" ">
    <subfield code="a">&#x928;&#x908; &#x926;&#x93F;&#x932;&#x94D;&#x932;&#x940;</subfield>
    <subfield code="b">McGraw Hill Education (India) PVT. LIM.</subfield>
    <subfield code="c">2025</subfield>
  </datafield>
  <datafield tag="270" ind1=" " ind2=" ">
    <subfield code="a">N-15-A/80, Indira Vikas, Colony, </subfield>
  </datafield>
  <datafield tag="300" ind1=" " ind2=" ">
    <subfield code="a">492&#x92A;&#x943;.;</subfield>
    <subfield code="c">27 &#x938;&#x947;&#x92E;&#x940; (&#x938;&#x91C;&#x93F;&#x932;&#x94D;&#x926;)</subfield>
  </datafield>
  <datafield tag="490" ind1=" " ind2=" ">
    <subfield code="v">&#x916;&#x902;&#x921; 1.1.22</subfield>
  </datafield>
  <datafield tag="500" ind1=" " ind2=" ">
    <subfield code="a">&#x938;&#x902;&#x92A;&#x93E;&#x926;&#x915; &#x92E;&#x902;&#x921;&#x932;
&#x91D;&#x93E;,&#x930;&#x93E;&#x92E;&#x92A;&#x94D;&#x930;&#x915;&#x93E;&#x936;  &#x92A;&#x922;&#x93F;&#x92F;&#x93E;&#x930;, &#x917;&#x91C;&#x947;&#x928;&#x94D;&#x926;&#x94D;&#x930;   &#x91C;&#x948;&#x928; ,&#x928;&#x935;&#x940;&#x928;&#x92D;&#x93E;&#x908; &#x935;&#x940;. &#x91D;&#x93E;, &#x905;&#x930;&#x941;&#x923; &#x915;&#x941;&#x92E;&#x93E;&#x930;  &#x909;&#x924;&#x94D;&#x924;&#x92E; &#x938;&#x93F;&#x902;&#x939;  &#x92A;&#x902;&#x921;&#x94D;&#x92F;&#x93E;, &#x92D;&#x93E;&#x935;&#x93F;&#x928;  &#x924;&#x94D;&#x930;&#x93F;&#x935;&#x947;&#x926;&#x940;, &#x930;&#x93E;&#x939;&#x941;&#x932; &#x92D;&#x91F;&#x94D;&#x91F;, &#x905;&#x936;&#x94D;&#x935;&#x93F;&#x928;  
&#x939;&#x947;&#x92E;&#x902;&#x924; &#x915;&#x941;&#x92E;&#x93E;&#x930;(&#x938;&#x902;&#x92F;&#x94B;&#x91C;&#x915;)
&#x92A;&#x930;&#x92C;&#x924; &#x920;&#x93E;&#x915;&#x94B;&#x930; &#x938;&#x902;&#x91C;&#x92F; &#x917;&#x941;&#x930;&#x94D;&#x91C;&#x930; (&#x938;&#x902;&#x92A;&#x93E;&#x926;&#x928; &#x938;&#x939;&#x92F;&#x94B;&#x917; )
&#x915;&#x947;&#x924;&#x928; &#x921;&#x940; &#x936;&#x93E;&#x939; (&#x915;&#x902;&#x92A;&#x94D;&#x92F;&#x942;&#x91F;&#x930; &#x92A;&#x94D;&#x930;&#x94B;&#x917;&#x94D;&#x930;&#x93E;&#x92E;&#x93F;&#x902;&#x917;)</subfield>
  </datafield>
  <datafield tag="710" ind1=" " ind2=" ">
    <subfield code="a">&#x91D;&#x93E;,&#x930;&#x93E;&#x92E;&#x92A;&#x94D;&#x930;&#x915;&#x93E;&#x936;  &#x92A;&#x922;&#x93F;&#x92F;&#x93E;&#x930;, &#x917;&#x91C;&#x947;&#x928;&#x94D;&#x926;&#x94D;&#x930;   &#x91C;&#x948;&#x928; ,&#x928;&#x935;&#x940;&#x928;&#x92D;&#x93E;&#x908; &#x935;&#x940;. &#x91D;&#x93E;, &#x905;&#x930;&#x941;&#x923; &#x915;&#x941;&#x92E;&#x93E;&#x930;  &#x909;&#x924;&#x94D;&#x924;&#x92E; &#x938;&#x93F;&#x902;&#x939;  &#x92A;&#x902;&#x921;&#x94D;&#x92F;&#x93E;, &#x92D;&#x93E;&#x935;&#x93F;&#x928;  &#x924;&#x94D;&#x930;&#x93F;&#x935;&#x947;&#x926;&#x940;, &#x930;&#x93E;&#x939;&#x941;&#x932; &#x92D;&#x91F;&#x94D;&#x91F;, &#x905;&#x936;&#x94D;&#x935;&#x93F;&#x928;</subfield>
    <subfield code="e">&#x938;&#x902;&#x92A;&#x93E;&#x926;&#x915;</subfield>
    <subfield code="9">59840</subfield>
  </datafield>
  <datafield tag="942" ind1=" " ind2=" ">
    <subfield code="2">ddc</subfield>
    <subfield code="c">HN</subfield>
    <subfield code="m">&#x926;&#x947;&#x935;&#x93E;&#x902;&#x917;</subfield>
    <subfield code="h">000</subfield>
  </datafield>
  <datafield tag="999" ind1=" " ind2=" ">
    <subfield code="c">209574</subfield>
    <subfield code="d">209574</subfield>
  </datafield>
  <datafield tag="952" ind1=" " ind2=" ">
    <subfield code="0">0</subfield>
    <subfield code="1">0</subfield>
    <subfield code="4">0</subfield>
    <subfield code="7">0</subfield>
    <subfield code="8">NFIC</subfield>
    <subfield code="a">L</subfield>
    <subfield code="b">L</subfield>
    <subfield code="d">2025-02-20</subfield>
    <subfield code="e">DBAD</subfield>
    <subfield code="g">645.00</subfield>
    <subfield code="l">0</subfield>
    <subfield code="o">&#x926;&#x947;&#x935;&#x93E;&#x902;&#x917; 000</subfield>
    <subfield code="p">HN-101797</subfield>
    <subfield code="r">2025-02-20 00:00:00</subfield>
    <subfield code="t">1</subfield>
    <subfield code="v">645.00</subfield>
    <subfield code="w">2025-02-20</subfield>
    <subfield code="y">HN</subfield>
  </datafield>
</record>
